|
|
|
|
| LEADER |
02019ncm a2200541 i 4500 |
| 001 |
nkc20162825133 |
| 003 |
CZ PrNK |
| 005 |
20180206093941.0 |
| 007 |
qu |
| 008 |
160801t20132013xr wzzdg nn cze |
| 015 |
|
|
|a cnb002825133
|
| 024 |
2 |
|
|a 979-0-66063-070-9
|q (v hudebnině neuvedeno ;
|q volné listy v obalu)
|
| 040 |
|
|
|a BOA001
|b cze
|d ABA001
|e rda
|
| 043 |
|
|
|a e-xr---
|
| 045 |
|
|
|a x-x-
|
| 048 |
|
|
|b vu01
|a of01
|
| 072 |
|
7 |
|a 78.011.26
|x Populární hudba. Populární písně. Populární taneční hudba
|2 Konspekt
|9 9
|
| 080 |
|
|
|a 785.12
|2 MRF
|
| 080 |
|
|
|a 78.085.2
|2 MRF
|
| 080 |
|
|
|a 78.087
|2 MRF
|
| 100 |
1 |
|
|a Borovička, Antonín,
|d 1895-1968
|7 jk01012679
|4 cmp
|
| 245 |
1 |
0 |
|a Růžový květ :
|b valčík /
|c hudba Antonín Borovička ; text Jiří Zeman
|
| 264 |
|
1 |
|a Davle u Prahy :
|b Hudební nakladatelství Antonína Borovičky, spol. s r. o.,
|c [2013]
|
| 264 |
|
4 |
|c ©2013
|
| 300 |
|
|
|a 16 hlasů ;
|c 30 cm
|
| 336 |
|
|
|a zápis hudby
|b ntm
|2 rdacontent
|
| 337 |
|
|
|a bez média
|b n
|2 rdamedia
|
| 338 |
|
|
|a svazek
|b nc
|2 rdacarrier
|
| 382 |
0 |
1 |
|b zpěv
|n 2
|a dechový orchestr
|
| 648 |
|
7 |
|a 20. století
|7 ch460558
|2 czenas
|
| 650 |
0 |
7 |
|a dechová hudba
|7 ph119353
|z Česko
|y 20. století
|2 czenas
|
| 650 |
0 |
7 |
|a valčíky
|7 ph224487
|2 czenas
|
| 650 |
0 |
9 |
|a brass music
|z Czechia
|y 20th century
|2 eczenas
|
| 650 |
0 |
9 |
|a waltzes
|2 eczenas
|
| 655 |
|
7 |
|a dechová hudba
|7 fd980019
|2 czenas
|
| 655 |
|
7 |
|a valčíky
|7 fd980024
|2 czenas
|
| 655 |
|
7 |
|a hlasy
|7 fd186703
|2 czenas
|
| 655 |
|
9 |
|a brass music
|2 eczenas
|
| 655 |
|
9 |
|a waltzes
|2 eczenas
|
| 655 |
|
9 |
|a parts
|2 eczenas
|
| 700 |
1 |
|
|a Zeman, Jiří
|7 mzk2010605037
|4 lyr
|
| 910 |
2 |
|
|a BOA001
|b Mus4-1371.732
|
| 990 |
|
|
|a MU
|
| 995 |
|
|
|a 01
|
| 991 |
|
|
|b 201609
|c NOV
|
| 925 |
|
|
|a zpěv (2); dechový orchestr
|b V (2); orch fiati
|
| 996 |
6 |
|
|b 2610679828
|c Mus4-1371.732
|l MZK
|r Sklad / do 1 hodiny
|n 0
|p p.v.
|w 001575241
|u 000010
|a 1
|e BOA001
|j MZK50
|s P
|
| 996 |
7 |
|
|b 2610682008
|c Mus4-1371.732
|l MZK
|r Sklad / do 1 hodiny
|n 1
|p dar
|w 001575241
|u 000020
|a 1
|e BOA001
|j MZK50
|s A
|